000 00331nam a2200145Ia 4500
100 _aCowart/Robert/ Knittel/ B
942 _cBK
654 _aUsing windows
245 _aUsing Windows 2000 Professional
260 _bPrentice Hall of India
082 _a5.133
_bCOW/KNI
300 _a1506
546 _aENGLISH
999 _c21790
_d21790